00483nam a2200157Ia 4500008004100000020001800041041000800059082001600067100002700083245010400110250000600214260004400220300001300264650002100277700002700298210716s2007 xx 000 0 und d a9788131406144 aeng a338.04 MURG aMurthy, Garimella G K. aFinancing of small and medium enterprises: indian and global scenario.bIndian and global scenario. a1 aHyderabadbICFAI University Pressc2007 axii,217, aEntrepreneurship aMurthy, Garimella G K.